Catálogo público

Movimiento Estudiantil Chicano de Aztlán (MEChA), expresión y cultura : (Record no. 217529)

MARC details
000 -CABECERA
campo de control de longitud fija 00960nam a22002297a 4500
005 - FECHA Y HORA DE LA ÚLTIMA TRANSACCIÓN
campo de control 20220808092442.0
008 - DATOS DE LONGITUD FIJA--INFORMACIÓN GENERAL
campo de control de longitud fija 220802b |||||||| |||| 00| 0 eng d
020 ## - NÚMERO INTERNACIONAL ESTÁNDAR DEL LIBRO
Número Internacional Estándar del Libro 978-607-95788-5-5
040 ## - FUENTE DE LA CATALOGACIÓN
Centro/agencia transcriptor Chap
Normas de descripción rda
082 ## - NÚMERO DE LA CLASIFICACIÓN DECIMAL DEWEY
Número de clasificación 371.81086912
Número de documento/Ítem R17
Número de edición 22
100 ## - ENTRADA PRINCIPAL--NOMBRE DE PERSONA
9 (RLIN) 185330
Nombre de persona Rubén Ramírez, Arellano
245 ## - MENCIÓN DE TÍTULO
Título Movimiento Estudiantil Chicano de Aztlán (MEChA), expresión y cultura :
Resto del título socialización y cultuta política entre estudiantes de origen mexicano en Bakersfield, California /
Mención de responsabilidad, etc. por Rubén ramírez Arellano
264 ## - PRODUCCIÓN, PUBLICACIÓN, DISTRIBUCIÓN, FABRICACIÓN Y COPYRIGHT
Producción, publicación, distribución, fabricación y copyright México :
Nombre del de productor, editor, distribuidor, fabricante Instituto Electoral del Estado de Guanajuato,
Fecha de producción, publicación, distribución, fabricación o copyright 2019.
300 ## - DESCRIPCIÓN FÍSICA
Extensión 295 páginas.
336 ## - TIPO DE CONTENIDO
Término de tipo de contenido texto
Código de tipo de contenido txt
Fuente rdacontenido
337 ## - TIPO DE MEDIO
Nombre/término del tipo de medio sinmedio
Código del tipo de medio n
Fuente rdamedia
338 ## - TIPO DE SOPORTE
Nombre/término del tipo de soporte volumen
Código del tipo de soporte nc
Fuente rdacarrier
650 #0 - PUNTO DE ACCESO ADICIONAL DE MATERIA--TÉRMINO DE MATERIA
9 (RLIN) 185337
Término de materia o nombre geográfico como elemento de entrada Estudiantes
Subdivisión general Movimientos sociales
650 #0 - PUNTO DE ACCESO ADICIONAL DE MATERIA--TÉRMINO DE MATERIA
9 (RLIN) 185332
Término de materia o nombre geográfico como elemento de entrada Inmigrantes
Subdivisión general Condiciones sociales
Subdivisión geográfica Estados Unidos
650 #0 - PUNTO DE ACCESO ADICIONAL DE MATERIA--TÉRMINO DE MATERIA
9 (RLIN) 185333
Término de materia o nombre geográfico como elemento de entrada Inmigrantes
Subdivisión general Movimientos estudiantiles
942 ## - ELEMENTOS DE PUNTO DE ACCESO ADICIONAL (KOHA)
Fuente del sistema de clasificación o colocación Dewey Decimal Classification
Tipo de ítem Koha Libro
Holdings
Estado de retiro Estado de pérdida Fuente del sistema de clasificación o colocación Estado dañado Restricciones de uso No para préstamo Código de colección Localización permanente Ubicación/localización actual Ubicación en estantería Fecha de adquisición Total de préstamos Signatura topográfica completa Código de barras Fecha visto por última vez Precio válido a partir de Tipo de ítem Koha
    Dewey Decimal Classification   Préstamo 15 días   General Biblioteca Central Biblioteca Central Planta alta - Colección General 02/08/2022   371.8108691279488 R17 33724002565488 02/08/2022 02/08/2022 Libro